MARC

LEADER 00000nam0a2200000 4500
001 14406
005 20231030185651.0
010 |a 0140621733 
035 |a (RuTPU)RU\TPU\book\14499 
035 |a BOOK00014568 
090 |a 14406 
100 |a 20011209d1995 m y0engy50 ba 
101 0 |a eng 
102 |a GB 
105 |a y j 000zy 
200 1 |a Lady Windermere's Fan  |f O. Wilde 
210 |a London  |c Penguin Books  |d 1995 
215 |a 70 p. 
225 1 |a Penguin Popular Classics 
610 1 |a английский язык 
610 1 |a учебные пособия 
610 1 |a хрестоматии 
610 1 |a книги для чтения 
610 1 |a художественная литература 
686 |a Ш143.21-923.8  |v LBC/SL-A  |2 rubbk 
700 1 |a Wilde  |b O.  |g Oscar 
801 0 |a RU  |b 63413507  |c 20011209  |g PSBO 
801 2 |a RU  |b 63413507  |c 20110517  |g PSBO 
942 |c BK